Linear Algebra for engineers and scientists
Bewaard in:
| Hoofdauteur: | |
|---|---|
| Formaat: | Boek |
| Taal: | Undetermined |
| Gepubliceerd in: |
New Jersey
Pearson Prentice Hall
2005
|
| Onderwerpen: | |
| Tags: |
Voeg label toe
Geen labels, Wees de eerste die dit record labelt!
|
| Thư viện lưu trữ: | Trung tâm Học liệu Trường Đại học Cần Thơ |
|---|
| LEADER | 00515nam a2200193Ia 4500 | ||
|---|---|---|---|
| 001 | CTU_74397 | ||
| 008 | 210402s9999 xx 000 0 und d | ||
| 020 | |c 316000 | ||
| 082 | |a 512.5 | ||
| 082 | |b H268 | ||
| 100 | |a Hardy, Kenneth | ||
| 245 | 0 | |a Linear Algebra for engineers and scientists | |
| 245 | 0 | |c Kenneth Hardy | |
| 260 | |a New Jersey | ||
| 260 | |b Pearson Prentice Hall | ||
| 260 | |c 2005 | ||
| 650 | |a Algebras,linear | ||
| 904 | |i Tuyến | ||
| 980 | |a Trung tâm Học liệu Trường Đại học Cần Thơ | ||